000 01090nam a22002537a 4500
005 20170124103120.0
010 _aB-050304
020 _c150.00
_a8187110511
035 _aB-050304
037 _bCen Lib/Ret
040 _aDPL
_bHN
082 _a305.4
_bमहाज
100 _aमहाजन, उषा
_981857
245 _aबाधाओं के बावजूद नई औरत /
_cउषा महाजन
246 _aBadhayon ke bavajood anyi aurat /
_bby Usha Mahajan
260 _a दिल्ली
_bमेधा बुक्स
_c2001
270 _bदिल्ली
_aएक्स-11, नवीन शाहदरा
_e110032
300 _a156पृ.
_c20सेमी(सजिल्द )
650 _aमहिला - भारत - सामाजिक स्थिति।
_x
_z
_981858
650 _aमहिला - सामाजिक स्थिति।
_91009
650 _aWomen -- India -- Social conditions.
_96885
650 _a Women -- Social conditions.
_98449
942 _2ddc
_cHN
_h305.4
_mमहाज
999 _c118775
_d118775